000 00683nam a2200217Ii 4500
003 JO-AjNU
008 230606s9999||||xx |||||||||||||| ||und||
020 _a978-0-521-53289-1/0-521-53289-2
040 _aJO-AjNU
_beng
_erda
_cJO-AjNU
041 _aeng
050 1 4 _aPE1128.M777 2005
100 3 _aMurphy,Raymond تأليف,
_eauthor
_92086
245 0 0 _aEnglish Grammar In Use :With Answers And CD-ROM
250 _a3 ed
264 3 1 _aNew York:Cambridge University Press,2005
300 _a379p
336 _atext
_btxt
_2rdacontent
337 _aunmediated
_bn
_2rdamedia
338 _avolume
_bnc
_2rdacarrier
650 4 _aEnglish Grammar In Use With Answers -Grammar
_92087
999 _aE1095
_c1095
_d1095